000
00239 a2200097 4500
001
55238
100
_a
245
_a
Criminal law of Islam
260
_a
Islamabad
_b
Sahnama-e-Islam Kitab Khana Hafeez
_c
2004
090
_c
34205
_d
34205
942
_a
NUST-CAE
_c
MONOGRAPH
_c
26898
999
_c
290311
_d
290311